000 00554nam a22001937a 4500
999 _c4580
_d4580
003 GBCCL
005 20241126110521.0
008 180125b xxu||||| |||| 00| 0 eng d
020 _a0851111254
040 _cgbc
082 _a220.77
_bBST
100 _aStott, John R. W.
_9325
245 _aThe Message of Timothy and Titus /
_cJohn R. W. Stott
260 _aLeicester:
_bInter-Varsity Press,
_c1997
300 _a127 p.;
_c20 cm.
440 _aThe Bible Speaks Today
_92924
650 _aBible.N.T.
_vTimothy and Titus
_xstudy
_98597
942 _2ddc
_cBK
_04